| 000 | 01176nam a2200229Ia 4500 | ||
|---|---|---|---|
| 999 |
_c36857 _d36857 |
||
| 001 | 2806 | ||
| 003 | GE_BSU | ||
| 005 | 20190617175616.0 | ||
| 008 | 181216s1997||||ge |||||||||||||| ||geo|| | ||
| 040 | _cGE_BSU | ||
| 041 | _ageo | ||
| 080 | _a330.1(075.3) გ-19 | ||
| 245 |
_aგამოყენებითი ეკონომიკა =Junior Achievement–Applied Economis: _bდამხმ. სახელმძღვ. უფ. კლასებისათვის / _cინგ. თარგმნა ირაკლი გაბრიაძემ ; რედ. თენგიზ ჭიაბრიშვილი |
||
| 250 | _aI- ლი ქართული გამოცემა | ||
| 264 |
_aთბილისი : _bმარიხი, _c1997. |
||
| 300 |
_a232 გვ. : _bილ. ; _c28 სმ. |
||
| 653 | _aგამოყენებითი ეკონომიკა | ||
| 653 | _aეკონომიკა | ||
| 700 |
_aგაბრიაძე, ირაკლი _eმთარგმნელი _9803 |
||
| 700 |
_aჭიაბრიშვილი, თენგიზ _eრედაქტორი _9804 |
||
| 942 |
_cBK _2udc |
||